000 00635nam a22002057a 4500
005 20220419112343.0
008 220419b ||||| |||| 00| 0 eng d
040 _cAL
041 _aEnglish
082 _223
_a954.162
_bTARB
100 _aJerlie E Tariang
_930366
245 _aBormanik Syiem: The Last of the Syiems of Shyllong
260 _aShillong
_bShri J N Bawri
_c1994
300 _axi,91 p.
_bHB
_c23x15 cm.
365 _b₹200.00
_c
_d₹200.00
650 _aBormanik, Syiem Khasi (Indic people)
_930367
650 _aAssam (India) -- Kings and rulers
_930368
700 _aTARIANG (Jerlie E)
_930369
942 _2ddc
_cGF
999 _c222476
_d222476